00452nam a2200169Ia 45000030006000000050017000060080041000230400009000640410012000730820018000851000016001032450049001192600020001683000008001885050021001966500065002170Nust20170105110300.0161124s9999 xx 000 0 und d cIGIS aEnglish a628.1 22bSHA aU.M .Shamsi aArc GIS 9 Managing Arcsde Appliction Servers aphot copyc2005 a413 aGIS Applications aGIS Applications for Water Wastewater and Stormwater Systems